UBT Library

Prentice-Hall dictionary of business, finance, and law / (Record no. 39215)

000 -LEADER
fixed length control field 00633cam a2200229 a 4500
001 - CONTROL NUMBER
control field 4713593
005 - DATE AND TIME OF LATEST TRANSACTION
control field 20171220045446.0
008 - FIXED-LENGTH DATA ELEMENTS--GENERAL INFORMATION
fixed length control field 830118s1983 nju d 000 0 eng
010 ## - LIBRARY OF CONGRESS CONTROL NUMBER
LC control number 83003022
020 ## - INTERNATIONAL STANDARD BOOK NUMBER
International Standard Book Number 0136965830
040 ## - CATALOGING SOURCE
Original cataloging agency DLC
Transcribing agency DLC
Modifying agency DLC
041 ## - LANGUAGE CODE
Language code of text/sound track or separate title eng
043 ## - GEOGRAPHIC AREA CODE
Geographic area code n-us---
080 ## - UNIVERSAL DECIMAL CLASSIFICATION NUMBER
Universal Decimal Classification number 346.73070321 RIC
082 00 - DEWEY DECIMAL CLASSIFICATION NUMBER
Classification number 346.73070321 RIC
Edition number 19
100 1# - Rafti
Rafti 14
101 ## - Shkurtesa
Shkurtesa LAW
245 10 - TITLE STATEMENT
Title Prentice-Hall dictionary of business, finance, and law /
Statement of responsibility, etc by Michael Downey Rice.
740 0# - ADDED ENTRY--UNCONTROLLED RELATED/ANALYTICAL TITLE
Uncontrolled related/analytical title Dictionary of business, finance, and law.
906 ## - LOCAL DATA ELEMENT F, LDF (RLIN)
a 7
b cbc
c orignew
d 1
e ocip
f 19
g y-gencatlg
942 ## - ADDED ENTRY ELEMENTS (KOHA)
Source of classification or shelving scheme
Item type Books
Holdings
Withdrawn status Lost status Source of classification or shelving scheme Damaged status Not for loan Collection code Permanent location Current location Shelving location Date acquired Total Checkouts Full call number Barcode Date last seen Price effective from Koha item type
          Koleksioni i përgjithshem UBT - Lipjan UBT - Lipjan Koleksioni i përgjithshem 12/20/2017   346.73070321 RIC 002-2938929 12/20/2017 12/20/2017 Books
UBT Library © 2015-2024. All rights reserved University Education for Business and Technology